LEADER 01173nam a2200265 u 4500 001 000000079273 003 CaOOAMICUS 005 20070226123524.0 008 040528s1977 au u000 u ger u 035 $a10997218 040 $aPUL(R)$bita 100 1 $aKottayarikil, Cyriac.$0(OLS)http://pul/name/52804 245 10$aSigmund Freud on religion and morality, a challenge to christianity /$cCyriac Kottayarikil. 260 $aInnsbruck :$b[s.n.],$c1977. 300 $axx, p. [249]-399 ;$c21 cm 500 $aEstratto della tesi di dottorato dell'autore. 502 $aDiss. -- P. Univ. Lateranensis. Academia Alfonsiana. 504 $aBibliografia in nota. 600 14$aFreud, Sigmund,$d1856-1939.$0(OLS)http://pul/subject/7812 650 4$aReligione e morale.$0(OLS)http://pul/subject/6691 850 $aPUL 852 $aPUL$W1$xDP1 Tesi Acc. Alfonsiana$y28$mTH AC.ALF 110$j101476$nBK-PRI$b $qTesi$B101476$CPULBib$Z2$F101476 $HPUL45972 $81 941 1 $a16 996 $6245$aSigmund Freud on religion and morality, a challenge to christianity$9(OLS)http://pul/title/103794 996 $6260$aInnsbruck :$b[s.n.]$9(OLS)http://pul/publisher/75593 LEADER 01499nam a2200289 a 4500 001 000000141252 003 CaOOAMICUS 005 20150119125926.0 008 150119s2014 it f frm z000 u ita r 040 $aPUL$bita 100 1 $aRossi, Lorenzo.$0(OLS)http://pul/name/89716 245 10$aPietro e Paolo testimoni del Crocifisso-Risorto : la synkrisis in Atti 12,1-23 e 27,1-28,16 : continuitą e discontinuitą di un parallelismo nell'opera lucana /$cLorenzo Rossi. 260 $aRoma :$bGregorian & Biblical Press,$c2014. 300 $a512 p.$c21 cm 490 1 $aAnalecta biblica ;$v205 502 $aTesi di Dottorato in Teologia Biblica-- Pontificio Istituto Biblico, 2014. 504 $aBibliografia p. 447-466. 630 04$aBiblia.$pN.T.$pActus apostolorum.$xCritica e interpretazione.$0(OLS)http://pul/subject/1725 650 4$aGesł Cristo risorto.$0(OLS)http://pul/subject/26954 710 2 $aPontificio istituto biblico.$kTesi.$0(OLS)http://pul/name/85533 830 0$aAnalecta biblica ;$v205.$0(OLS)http://pul/title/100 850 $aPUL 852 $aPUL$W1$xDP1 Tesi Pon. Ist. Biblico$y33$m2014 B 1$j158825$qTesi$B162915$CPULBib$Z2$F162915 $81 941 1 $a16 996 $6245$aPietro e Paolo testimoni del Crocifisso-Risorto : la synkrisis in Atti 12,1-23 e 27,1-28,16 : continuitą e discontinuitą di un parallelismo nell'opera lucana$9(OLS)http://pul/title/178735 996 $6260$aRoma :$bGregorian & Biblical Press$9(OLS)http://pul/publisher/81048